01635nam a2200301 a 450000100100000000500170001000800410002704000250006808200180009310000420011124500920015326000360024530000210028149000270030250000320032950000630036165100720042470000440049683000340054091000370057404900090061195201310062095201310075195201310088295201810101395201220119499900170131600002204720240305122052.0100916s1989 dr 001 0 spa d aDO-SdBNPbspacBNPHU a972.93bH565d1 aHerrera, César A.,d1910-19889833310aDivulgaciones históricas /cCésar A. Herrera ; presentación José Israel Cuello. aSanto Domingo :bTaller,c1989. a246 p. ;c24 cm.1 aBiblioteca Tallerv261 aIncluye índice de nombres aIncluye datos biográficos del autor en la contraportada. 4aRepública DominicanaxHistoriaxEnsayos, Conferencias, Etc.970951 aCuello, José Israel,epresent.925882 0aBiblioteca Tallern261945692 aValidado. Control de calidad EMS aBNPD 001054708DSaGRbGRcHDd2010-09-16iLF1l0o972.93 H565dp22047-30r2020-06-25te. 3w2020-06-25yLFDSZPréstamo en sala 001054708DSaGRbGRcHDd2010-09-16iLF1l0o972.93 H565dp22047-40r2020-06-25te. 4w2020-06-25yLFDSZPréstamo en sala 001054708DSaGRbGRcHDd2010-09-16iLF1l0o972.93 H565dp22047-50r2020-06-25te. 5w2020-06-25yLFDSZPréstamo en sala 0010718PDaPDbPDcHDd2010-09-16iLF1l0o972.93 H565dp22047-10r2020-06-25w2020-06-25yLFPDzPerteneció a la biblioteca personal de Germán Emilio Ornes.ZNo se presta 0010718PDaPDbPDcHDd2010-09-16iLF1l0o972.93 H565dp22047-20r2020-06-25te. 2w2020-06-25yLFPDZNo se presta c21545d21545